|
|
|
|
| LEADER |
00000nab a2200000 a 4500 |
| 001 |
vtls000433917 |
| 003 |
SK-MaSNL |
| 005 |
20260304213624.0 |
| 008 |
120925c1991 xo 0 slo |
| 015 |
|
|
|a SNBRB19rr/mm-uuuuu
|
| 035 |
|
|
|a CL0434045
|
| 040 |
|
|
|a SNKBUCL
|b slo
|c SNKBUCL
|e AACR2
|
| 041 |
0 |
|
|a slo
|
| 044 |
|
|
|a xo
|c SK
|
| 080 |
|
|
|a 792.2
|2 1981
|
| 100 |
1 |
|
|a Dvořáková, Barbora
|4 aut
|9 845956
|
| 245 |
1 |
0 |
|a Začalo sa to "padákom"
|b Na Malej scéne SND uviedli komédiu P. Shaffera Letícia a Ľubovník
|c Barbora Dvořáková, Jana Nemčoková
|
| 300 |
|
|
|b Obr. 2.
|
| 600 |
1 |
7 |
|a Shaffer, Peter,
|d 1926-
|t Letícia a Ľubovník
|2 snkbucl
|9 1226035
|
| 610 |
2 |
7 |
|a Slovenské národné divadlo.
|b Činohra
|2 snkbucl
|9 32459
|
| 610 |
2 |
7 |
|a Slovenské národné divadlo.
|b Malá scéna
|2 snkbucl
|9 171800
|
| 650 |
0 |
7 |
|a činohry
|2 snkbucl
|9 3325
|
| 650 |
0 |
7 |
|a divadelné inscenácie
|2 snkbucl
|9 3326
|
| 655 |
|
7 |
|a recenzie
|2 snkbucl
|9 21907
|
| 655 |
|
7 |
|a články z novín a časopisov
|2 snkbucl
|9 267496
|
| 700 |
1 |
|
|a Nemčoková, Jana,
|d 1959-
|4 aut
|9 262431
|
| 773 |
0 |
|
|t Verejnosť
|g Roč. 2, č. 266 (13. 11. 1991), s. 5
|
| 850 |
|
|
|a Slovenská národná knižnica v Martine
|a MTA001
|
| 852 |
|
|
|a SNK
|b KIS3GCP
|
| 992 |
|
|
|a RBX
|
| 999 |
|
|
|c 3136752
|d 3138682
|